Návrh a výroba častí karosérie diaľkovo ovládaného modelu automobilu pomocou počítačom podporovaných technológií

Salvato in:
Dettagli Bibliografici
Autore principale: Szabó, Attila (Autore)
Altri autori: Morovič, Ladislav (Relatore della tesi)
Natura: Manoscritto Libro
Lingua:slovacco
Pubblicazione: 2015
Soggetti:
Accesso online:http://is.stuba.sk/zp/portal_zp.pl?podrobnosti=96539
Tags: Aggiungi Tag
Nessun Tag, puoi essere il primo ad aggiungerne!!

MARC

LEADER 00000ntm a22000003a 4500
001 stuzp51035
003 SK-STU
005 20160719153731.7
007 ta
008 150427s2015----xo-----f-mn---000-0-slo-d
040 |a STU  |b slo 
041 0 |a slo 
100 1 |a Szabó, Attila  |u 063000  |4 aut  |U MTF Materiálovotechnologická fakulta  |T MTF Ústav výrobných technológií  |X 47123  |U M3000  |Y 83  |7 47123 
242 0 1 |a Design and manufacture of remote-controlled car body using computer-aided technology  |y eng 
245 1 0 |a Návrh a výroba častí karosérie diaľkovo ovládaného modelu automobilu pomocou počítačom podporovaných technológií 
260 |c 2015 
650 4 |a diaľkovo ovládaný  |2 slo 
650 4 |a počítačom podporovaných  |2 slo 
650 4 |a 3D skener  |2 slo 
650 4 |a 3D tlače  |2 slo 
650 4 |a computer-aided  |2 eng 
650 4 |a 3D scanner  |2 eng 
650 4 |a 3D printing  |2 eng 
650 4 |a remote-control  |2 eng 
700 1 |a Morovič, Ladislav  |4 ths  |X 38280  |7 A000038280 
856 4 |u http://is.stuba.sk/zp/portal_zp.pl?podrobnosti=96539 
996 |c M* BP-7441  |l MMSKP  |s P  |a 0  |w stuzp51035_0001 
SQL |a stuzp51035  |b DBP  |c SLO  |d Návrh a výroba častí karosérie diaľkovo ovládaného modelu automobilu pomocou počítačom podporovaných technológií  |e 47123  |f Szabó, Attila  |g 063000  |h 38280  |i Morovič, Ladislav  |j 20150624  |k 174  |l 06  |m http://is.stuba.sk/zp/portal_zp.pl?podrobnosti=96539  |n B-PPT  |o 5.2.51. výrobné technológie